| 000 | 00826nam a2200241Ia 4500 | ||
|---|---|---|---|
| 003 | OSt | ||
| 005 | 20221005113247.0 | ||
| 006 | a|||||r|||| 00| 0 | ||
| 007 | ta | ||
| 008 | 221004b |||||||| |||| 00| 0 pan d | ||
| 020 | _c230 | ||
| 024 | _a88831 | ||
| 037 |
_b485, 09/03/2007, Manpreet Parkashan _cTextual |
||
| 040 |
_aCRL _cCRL _bpan |
||
| 041 |
_2pan _apan |
||
| 082 | _aP153:4:g, P4 | ||
| 100 | _aਕਪੂਰ, ਨਵਰਤਨ | ||
| 245 | 0 |
_aਪੰਜਾਬੀ ਕੋਕਾਰੀ _b ਤੁਲਨਾਤਮਕ ਵਿਲੇਨ |
|
| 260 |
_aਪਟਿਆਲਾ _bਪੰਜਾਬੀ ਪਬਲੀਕੇਨਗ਼ ਭਾਰਤ _c2004 |
||
| 300 |
_a212ਪੰ _ccm. |
||
| 942 |
_hP153:4:g, P4 _cTEXL _2cc |
||
| 999 |
_c1027580 _d1027580 |
||